2020 NFL Draft - Statistics

General Stats
  • This quiz has been taken 24 times
  • The average score is 63 of 255
Answer Stats
Rnd. Pick No. NFL team Player Pos. College % Correct
1 1 Cincinnati Bengals Joe Burrow QB LSU
100%
1 6 Los Angeles Chargers Justin Herbert QB Oregon
100%
1 5 Miami Dolphins Tua Tagovailoa QB Alabama
100%
1 2 Washington Redskins Chase Young DE Ohio State
94%
1 17 Dallas Cowboys CeeDee Lamb WR Oklahoma
89%
1 12 Las Vegas Raiders Henry Ruggs WR Alabama
89%
1 16 Atlanta Falcons A. J. Terrell CB Clemson
83%
1 25 San Francisco 49ers Brandon Aiyuk WR Arizona State
83%
6 183 New York Giants Cam Brown ILB Penn State
83%
1 7 Carolina Panthers Derrick Brown DT Auburn
83%
1 15 Denver Broncos Jerry Jeudy WR Alabama
83%
1 26 Green Bay Packers Jordan Love QB Utah State
83%
1 22 Minnesota Vikings Justin Jefferson WR LSU
83%
1 13 Tampa Bay Buccaneers Tristan Wirfs OT Iowa
83%
2 57 Los Angeles Rams Van Jefferson WR Florida
83%
1 4 New York Giants Andrew Thomas OT Georgia
78%
1 9 Jacksonville Jaguars C. J. Henderson CB Florida
78%
5 157 Jacksonville Jaguars Daniel Thomas S Auburn
78%
1 8 Arizona Cardinals Isaiah Simmons ILB Clemson
78%
1 21 Philadelphia Eagles Jalen Reagor WR TCU
78%
1 3 Detroit Lions Jeff Okudah CB Ohio State
78%
7 227 Chicago Bears Lachavious Simmons OT Tennessee State
78%
1 32 Kansas City Chiefs Clyde Edwards-Helaire RB LSU
72%
2 35 Detroit Lions D'Andre Swift RB Georgia
72%
2 48 Seattle Seahawks Darrell Taylor DE Tennessee
72%
3 103 Philadelphia Eagles Davion Taylor OLB Colorado
72%
1 14 San Francisco 49ers Javon Kinlaw DT South Carolina
72%
2 41 Indianapolis Colts Jonathan Taylor RB Wisconsin
72%
1 11 New York Jets Mekhi Becton OT Louisville
72%
2 34 Indianapolis Colts Michael Pittman Jr. WR USC
72%
1 28 Baltimore Ravens Patrick Queen ILB LSU
72%
2 33 Cincinnati Bengals Tee Higgins WR Clemson
72%
6 198 Pittsburgh Steelers Antoine Brooks S Maryland
61%
2 45 Tampa Bay Buccaneers Antoine Winfield Jr. S Minnesota
61%
5 165 Jacksonville Jaguars Collin Johnson WR Texas
61%
2 53 Philadelphia Eagles Jalen Hurts QB Oklahoma
61%
2 50 Chicago Bears Jaylon Johnson CB Utah
61%
1 27 Seattle Seahawks Jordyn Brooks ILB Texas Tech
61%
1 23 Los Angeles Chargers Kenneth Murray ILB Oklahoma
61%
5 161 Tampa Bay Buccaneers Tyler Johnson WR Minnesota
61%
1 18 Miami Dolphins Austin Jackson OT USC
56%
3 81 Las Vegas Raiders Bryan Edwards WR South Carolina
56%
7 243 Tennessee Titans Chris Jackson CB Marshall
56%
2 43 Chicago Bears Cole Kmet TE Notre Dame
56%
7 239 Buffalo Bills Dane Jackson CB Pittsburgh
56%
1 10 Cleveland Browns Jedrick Wills OT Alabama
56%
2 55 Baltimore Ravens J. K. Dobbins RB Ohio State
56%
3 75 Detroit Lions Jonah Jackson OG Ohio State
56%
1 20 Jacksonville Jaguars K'Lavon Chaisson DE LSU
56%
2 51 Dallas Cowboys Trevon Diggs CB Alabama
56%
2 36 New York Giants Xavier McKinney S Alabama
56%
3 70 Miami Dolphins Brandon Jones S Texas
50%
2 52 Los Angeles Rams Cam Akers RB Florida State
50%
1 19 Las Vegas Raiders Damon Arnette CB Ohio State
50%
2 59 New York Jets Denzel Mims WR Baylor
50%
6 187 Cleveland Browns Donovan Peoples-Jones WR Michigan
50%
3 72 Arizona Cardinals Josh Jones OT Houston
50%
2 62 Green Bay Packers A. J. Dillon RB Boston College
44%
2 37 New England Patriots Kyle Dugger S Lenoir–Rhyne
44%
2 54 Buffalo Bills A. J. Epenesa DE Iowa
39%
1 24 New Orleans Saints Cesar Ruiz C Michigan
39%
2 44 Cleveland Browns Grant Delpit S LSU
39%
1 29 Tennessee Titans Isaiah Wilson OT Georgia
39%
7 229 Washington Redskins James Smith-Williams DE NC State
39%
1 31 Minnesota Vikings Jeff Gladney CB TCU
39%
2 42 Jacksonville Jaguars Laviska Shenault WR Colorado
39%
3 65 Cincinnati Bengals Logan Wilson ILB Wyoming
39%
3 68 New York Jets Ashtyn Davis S California
33%
7 232 Pittsburgh Steelers Carlos Davis DT Nebraska
33%
2 49 Pittsburgh Steelers Chase Claypool WR Notre Dame
33%
3 92 Baltimore Ravens Devin Duvernay WR Texas
33%
4 128 Buffalo Bills Gabe Davis WR UCF
33%
3 71 Baltimore Ravens Justin Madubuike DT Texas A&M
33%
6 194 Tampa Bay Buccaneers Khalil Davis DT Nebraska
33%
1 30 Miami Dolphins Noah Igbinoghene CB Auburn
33%
2 56 Miami Dolphins Raekwon Davis NT Alabama
33%
2 39 Miami Dolphins Robert Hunt OG Louisiana
33%
6 206 Jacksonville Jaguars Tyler Davis TE Georgia Tech
33%
2 38 Carolina Panthers Yetur Gross-Matos DE Penn State
33%
3 86 Buffalo Bills Zack Moss RB Utah
33%
5 148 Seattle Seahawks Alton Robinson DE Syracuse
28%
3 66 Washington Redskins Antonio Gibson RB Memphis
28%
3 69 Seattle Seahawks Damien Lewis OG LSU
28%
2 64 Carolina Panthers Jeremy Chinn S Southern Illinois
28%
5 152 Carolina Panthers Kenny Robinson S West Virginia
28%
2 46 Denver Broncos K. J. Hamler WR Penn State
28%
5 160 Cleveland Browns Nick Harris C Washington
28%
4 123 Dallas Cowboys Reggie Robinson CB Tulsa
28%
3 84 Los Angeles Rams Terrell Lewis OLB Alabama
28%
7 231 Dallas Cowboys Ben DiNucci QB James Madison
22%
5 158 New York Jets Bryce Hall CB Virginia
22%
2 58 Minnesota Vikings Ezra Cleveland OT Boise State
22%
5 167 Buffalo Bills Jake Fromm QB Georgia
22%
6 192 Green Bay Packers Jon Runyan Jr. OG Michigan
22%
2 61 Tennessee Titans Kristian Fulton CB LSU
22%
3 83 Denver Broncos Lloyd Cushenberry C LSU
22%
6 188 Buffalo Bills Tyler Bass K Georgia Southern
22%
7 252 Denver Broncos Tyrie Cleveland WR Florida
22%
3 74 New Orleans Saints Zack Baun OLB Wisconsin
22%
5 170 Baltimore Ravens Broderick Washington Jr. DT Texas Tech
17%
4 136 Los Angeles Rams Brycen Hopkins TE Purdue
17%
6 190 San Francisco 49ers Charlie Woerner TE Georgia
17%
4 133 Seattle Seahawks Colby Parkinson TE Stanford
17%
4 110 New York Giants Darnay Holmes CB UCLA
17%
3 73 Jacksonville Jaguars DaVon Hamilton DT Ohio State
17%
4 115 Cleveland Browns Harrison Bryant TE Florida Atlantic
17%
4 122 Indianapolis Colts Jacob Eason QB Washington
17%
4 109 Las Vegas Raiders John Simpson OG Clemson
17%
3 94 Green Bay Packers Josiah Deguara TE Cincinnati
17%
7 216 Washington Redskins Kamren Curl SS Arkansas
17%
7 220 Los Angeles Chargers K. J. Hill WR Ohio State
17%
5 176 Minnesota Vikings K. J. Osborn WR Miami (FL)
17%
3 78 Atlanta Falcons Matt Hennessy C Temple
17%
7 255 New York Giants Tae Crowder ILB Georgia
17%
4 146 Dallas Cowboys Tyler Biadasz C Wisconsin
17%
2 63 Kansas City Chiefs Willie Gay ILB Mississippi State
17%
4 107 Cincinnati Bengals Akeem Davis-Gaither OLB Appalachian State
11%
4 118 Denver Broncos Albert Okwuegbunam TE Missouri
11%
3 102 Pittsburgh Steelers Alex Highsmith OLB Charlotte
11%
3 87 New England Patriots Anfernee Jennings OLB Alabama
11%
6 185 Miami Dolphins Blake Ferguson LS LSU
11%
7 249 Minnesota Vikings Brian Cole II OLB Mississippi State
11%
7 218 New York Giants Carter Coughlin OLB Minnesota
11%
5 153 San Francisco 49ers Colton McKivitz OT West Virginia
11%
4 144 Seattle Seahawks DeeJay Dallas RB Miami (FL)
11%
3 91 New England Patriots Devin Asiasi TE UCLA
11%
7 222 Arizona Cardinals Eno Benjamin RB Arizona State
11%
7 219 Baltimore Ravens Geno Stone SS Iowa
11%
6 189 Jacksonville Jaguars Jake Luton QB Oregon State
11%
4 125 New York Jets James Morgan QB FIU
11%
6 201 Baltimore Ravens James Proche WR SMU
11%
7 217 San Francisco 49ers Jauan Jennings WR Tennessee
11%
4 134 Atlanta Falcons Jaylinn Hawkins S California
11%
5 151 Los Angeles Chargers Joe Reed WR Virginia
11%
3 90 Houston Texans Jonathan Greenard OLB Florida
11%
6 199 Los Angeles Rams Jordan Fuller S Ohio State
11%
2 60 New England Patriots Josh Uche OLB Michigan
11%
4 137 Jacksonville Jaguars Josiah Scott CB Michigan State
11%
3 85 Indianapolis Colts Julian Blackmon S Utah
11%
5 159 New England Patriots Justin Rohrwasser K Marshall
11%
4 135 Pittsburgh Steelers Kevin Dotson OG Louisiana
11%
4 127 Philadelphia Eagles K'Von Wallace S Clemson
11%
4 138 Kansas City Chiefs L'Jarius Sneed S Louisiana Tech
11%
3 80 Las Vegas Raiders Lynn Bowden RB Kentucky
11%
7 246 Miami Dolphins Malcolm Perry RB Navy
11%
3 98 Baltimore Ravens Malik Harrison ILB Ohio State
11%
7 215 Cincinnati Bengals Markus Bailey ILB Purdue
11%
3 99 New York Giants Matt Peart OT UConn
11%
4 119 Atlanta Falcons Mykal Walker ILB Fresno State
11%
6 200 Philadelphia Eagles Quez Watkins WR Southern Miss
11%
5 166 Detroit Lions Quintez Cephus WR Wisconsin
11%
2 40 Houston Texans Ross Blacklock NT TCU
11%
7 248 Los Angeles Rams Sam Sloman K Miami (OH)
11%
4 140 Jacksonville Jaguars Shaquille Quarterman ILB Miami (FL)
11%
4 111 Miami Dolphins Solomon Kindley OG Georgia
11%
7 221 Carolina Panthers Stantley Thomas-Oliver CB FIU
11%
3 104 Los Angeles Rams Terrell Burgess S Utah
11%
7 236 Green Bay Packers Vernon Scott FS TCU
11%
3 105 New Orleans Saints Adam Trautman TE Dayton
6%
4 139 Las Vegas Raiders Amik Robertson CB Louisiana Tech
6%
4 124 Pittsburgh Steelers Anthony McFarland Jr. RB Maryland
6%
4 142 Washington Redskins Antonio Gandy-Golden WR Liberty
6%
4 116 Jacksonville Jaguars Ben Bartch OT Saint John's (MN)
6%
7 237 Kansas City Chiefs BoPete Keyes CB Tulane
6%
6 191 New York Jets Braden Mann P Texas A&M
6%
6 184 Carolina Panthers Bravvion Roy DT Baylor
6%
4 129 New York Jets Cameron Clark OT Charlotte
6%
3 89 Minnesota Vikings Cameron Dantzler CB Mississippi State
6%
7 223 Jacksonville Jaguars Chris Claybrooks CB Memphis
6%
5 164 Miami Dolphins Curtis Weaver DE Boise State
6%
3 101 New England Patriots Dalton Keene TE Virginia Tech
6%
5 149 Indianapolis Colts Danny Pinter OG Ball State
6%
5 173 Chicago Bears Darnell Mooney WR Tulane
6%
3 93 Tennessee Titans Darrynton Evans RB Appalachian State
6%
4 117 Minnesota Vikings D. J. Wonnum DE South Carolina
6%
6 202 Arizona Cardinals Evan Weaver ILB California
6%
6 214 Seattle Seahawks Freddie Swain WR Florida
6%
6 180 Cincinnati Bengals Hakeem Adeniji OT Kansas
6%
5 171 Houston Texans Isaiah Coulter WR Rhode Island
6%
6 207 Buffalo Bills Isaiah Hodgins WR Oregon State
6%
3 79 New York Jets Jabari Zuniga DE Florida
6%
4 145 Philadelphia Eagles Jack Driscoll OG Auburn
6%
3 97 Cleveland Browns Jacob Phillips ILB LSU
6%
5 168 Philadelphia Eagles John Hightower WR Boise State
6%
3 88 Cleveland Browns Jordan Elliott DT Missouri
6%
6 205 Minnesota Vikings Josh Metellus S Michigan
6%
4 112 Los Angeles Chargers Joshua Kelley RB UCLA
6%
3 67 Detroit Lions Julian Okwara OLB Notre Dame
6%
5 178 Denver Broncos Justin Strnad ILB Wake Forest
6%
5 175 Green Bay Packers Kamal Martin ILB Minnesota
6%
3 76 Tampa Bay Buccaneers Ke'Shawn Vaughn RB Vanderbilt
6%
5 162 Washington Redskins Khaleke Hudson OLB Michigan
6%
4 120 New York Jets La'Mical Perine RB Florida
6%
4 114 Arizona Cardinals Leki Fotu DT Utah
6%
3 96 Kansas City Chiefs Lucas Niang OT TCU
6%
2 47 Atlanta Falcons Marlon Davidson DE Auburn
6%
3 95 Denver Broncos McTelvin Agim DT Arkansas
6%
3 77 Denver Broncos Michael Ojemudia CB Iowa
6%
6 182 New England Patriots Michael Onwenu OG Michigan
6%
5 177 Kansas City Chiefs Mike Danna DE Michigan
6%
7 244 Minnesota Vikings Nate Stanley QB Iowa
6%
3 82 Dallas Cowboys Neville Gallimore DT Oklahoma
6%
4 131 Arizona Cardinals Rashard Lawrence DT LSU
6%
4 108 Washington Redskins Saahdiq Charles OT LSU
6%
5 150 New York Giants Shane Lemieux OG Oregon
6%
7 251 Seattle Seahawks Stephen Sullivan TE LSU
6%
7 228 Atlanta Falcons Sterling Hofrichter P Syracuse
6%
3 100 Las Vegas Raiders Tanner Muse ILB Clemson
6%
4 113 Carolina Panthers Troy Pride CB Notre Dame
6%
3 106 Baltimore Ravens Tyre Phillips OG Mississippi State
6%
6 186 Los Angeles Chargers Alohi Gilman S Notre Dame
0%
7 226 Chicago Bears Arlington Hambright OG Colorado
0%
4 143 Baltimore Ravens Ben Bredeson OG Michigan
0%
6 203 Minnesota Vikings Blake Brandel OT Oregon State
0%
5 179 Dallas Cowboys Bradlee Anae DE Utah
0%
7 233 Philadelphia Eagles Casey Toohill OLB Stanford
0%
6 204 New England Patriots Cassh Maluia ILB Wyoming
0%
7 241 Tampa Bay Buccaneers Chapelle Russell OLB Temple
0%
4 126 Houston Texans Charlie Heck OT North Carolina
0%
7 247 New York Giants Chris Williamson CB Minnesota
0%
7 234 Los Angeles Rams Clay Johnston ILB Baylor
0%
7 224 Tennessee Titans Cole McDonald QB Hawaii
0%
7 254 Denver Broncos Derrek Tuszka ILB North Dakota State
0%
6 212 Indianapolis Colts Dezmon Patmon WR Washington State
0%
7 230 New England Patriots Dustin Woodard C Memphis
0%
5 169 Minnesota Vikings Harrison Hand CB Temple
0%
6 211 Indianapolis Colts Isaiah Rodgers CB UMass
0%
6 208 Green Bay Packers Jake Hanson C Oregon
0%
4 130 Minnesota Vikings James Lynch DT Baylor
0%
7 235 Detroit Lions Jashon Cornell DT Ohio State
0%
5 172 Detroit Lions Jason Huntley RB New Mexico State
0%
5 154 Miami Dolphins Jason Strowbridge DE North Carolina
0%
6 197 Detroit Lions John Penisini DT Utah
0%
4 141 Houston Texans John Reid CB Penn State
0%
7 242 Green Bay Packers Jonathan Garvin DE Miami (FL)
0%
6 213 Indianapolis Colts Jordan Glasgow OLB Michigan
0%
6 195 New England Patriots Justin Herron OT Wake Forest
0%
5 156 Washington Redskins Keith Ismael C San Diego State
0%
7 225 Minnesota Vikings Kenny Willekes DE Michigan State
0%
5 147 Cincinnati Bengals Khalid Kareem DE Notre Dame
0%
5 163 Chicago Bears Kindle Vildor CB Georgia Southern
0%
7 253 Minnesota Vikings Kyle Hinton C Washburn
0%
5 174 Tennessee Titans Larrell Murchison DT NC State
0%
4 121 Detroit Lions Logan Stenberg OG Kentucky
0%
6 181 Denver Broncos Netane Muti OG Fresno State
0%
6 210 Philadelphia Eagles Prince Tega Wanogho OT Auburn
0%
7 245 Tampa Bay Buccaneers Raymond Calais RB Louisiana
0%
6 193 Indianapolis Colts Robert Windsor DT Penn State
0%
6 196 Philadelphia Eagles Shaun Bradley ILB Temple
0%
6 209 Green Bay Packers Simon Stepaniak OG Indiana
0%
7 238 New York Giants T. J. Brunson OLB South Carolina
0%
7 240 New Orleans Saints Tommy Stevens QB Mississippi State
0%
7 250 Los Angeles Rams Tremayne Anchrum OG Clemson
0%
5 155 Chicago Bears Trevis Gipson OLB Tulsa
0%
4 132 Minnesota Vikings Troy Dye ILB Oregon
0%
No matching quizzes found
Score Distribution
Percent of People with Each Score
Percentile by Number Answered
Your Score History
You have not taken this quiz